| 000 | 00459nam a2200109Ia 4500 | ||
|---|---|---|---|
| 008 | 160909s9999 xx 000 0 und d | ||
| 100 | _aMessamer, Paula J. | ||
| 245 | _aSelf-reported and partner-reported functional communication and their relation to language and non-verbal cognition in mild to moderate aphasia | ||
| 260 |
_bUniversity of Colorado at Boulder _c2016 |
||
| 650 | _aMASS COM | ||
| 856 | _uhttp://pqdtopen.proquest.com/doc/1793670319.html?FMT=ABS | ||
| 999 |
_c304161 _d304161 |
||